000 00701nam a2200169 a 4500
001 000035085
005 20200930074108.0
008 111025s1908 sp 000 0 spa d
040 _aDO-SdBNP
_bspa
_cBNPHU
082 _axxxx
_bR892b
100 1 _aRoyo de León, José
_960744
245 1 3 _aLa borrasca :
_bdrama lírico en un acto, divino en tres cuadros, en verso y prosa /
_cJosé Royo de León ; música Miguel Santoja.
260 _aMadrid :
_bR. Velasco, imp., Marqués de Santa Ana,
_c1908.
300 _a49 p. ;
_c20 cm.
500 _aEstrenado con éxito estraordinario en el Teatro Barbieri la noche del 12 de noviembre de 1908.
700 1 2 _aSantonja Cantó, Miguel,
_d[1859-1940]
_emús.
_960745
999 _c34576
_d34576